Κατάλογος Βιβλιοθηκών Mediterranean College

Principles of Literary Critisism (Record no. 5514)

MARC details
000 -LEADER
fixed length control field 01202cam a22002054a 4500
005 - ΗΜΕΡΟΜΗΝΙΑ ΚΑΙ ΩΡΑ ΤΕΛΕΥΤΑΙΑΣ ΕΝΗΜΕΡΩΣΗΣ
Πεδίο ελέγχου 20250605164214.0
008 - FIXED-LENGTH DATA ELEMENTS--GENERAL INFORMATION
Πεδίο ελέγχου σταθερού μήκους 250528s ||||||||||||||||||||||||d
035 ## - SYSTEM CONTROL NUMBER
System control number 20405
020 ## - ISBN
ISBN 415029996
040 ## - ΠΗΓΗ ΚΑΤΑΛΟΓΟΓΡΑΦΗΣΗΣ
Φορέας πρωτότυπης καταλογογράφησης MC Athens Campus Library
Γλώσσα καταλογογράφησης Ελληνικά, Μοντέρνα (1453-)
Modifying agency MC Athens Campus Library
Κανόνες περιγραφικής καταλογογράφησης AACR2
245 1# - ΤΙΤΛΟΣ ΚΑΙ ΔΗΛΩΣΗ ΥΠΕΥΘΥΝΟΤΗΤΑΣ
Τίτλος Principles of Literary Critisism
260 ## - PUBLICATION, DISTRIBUTION, ETC.
Name of publisher, distributor, etc. Rouledge,
Date of publication, distribution, etc. 1989
300 ## - PHYSICAL DESCRIPTION
Extent 246
505 0# - FORMATTED CONTENTS NOTE
Formatted contents note The Chaos of Critical Theories, The Language of Critisism, Value as an Ultimate Idea, Art and Morals, A Sketch for a Psychology, Emotion and the Coenesthesia, The Analysis of a Poem, On Looking at a Picture, A Theory of Communication, The Normality of the Artist, Judgement and Divergent Readings, Permanence as a Criterion, The Imagination, Poetry and Beliefs, Index.
520 ## - SUMMARY, ETC.
Summary, etc. The Chaos of Critical Theories, The Language of Critisism, Value as an Ultimate Idea, Art and Morals, A Sketch for a Psychology, Emotion and the Coenesthesia, The Analysis of a Poem, On Looking at a Picture, A Theory of Communication, The Normality of the Artist, Judgement and Divergent Readings, Permanence as a Criterion, The Imagination, Poetry and Beliefs, Index.
700 1# - ΠΡΟΣΘΕΤΗ ΑΝΑΓΡΑΦΗ--ΦΥΣΙΚΟ ΠΡΟΣΩΠΟ
Personal name Richards I.A
9 (RLIN) 6386
942 ## - ADDED ENTRY ELEMENTS (KOHA)
Koha item type Books
Holdings
Τύπος τεκμηρίου Βιβλιοθήκη Τρέχουσα τοποθεσία Barcode Αριθμός εισαγωγής Ημερομηνία απόκτησης Ταξιθετικό σύμβολο Αριθμός αντιτύπου Κατάσταση απόσυρσης Κατάσταση χαμένου Κατάσταση κατεστραμμένου Μη δανεισμός Σύνολο δανεισμών Ημερομηνία τελευταίας εμφάνισης Η τιμή ισχύει από
Books MC Athens Campus Library MC Athens Campus Library 9780000055132 6879 05/06/2025 801.95 RIC 1           05/06/2025 05/06/2025

MC Athens Campus Library
Πατησίων 94 & Κοδριγκτώνος 13, 104 34
Πελλήνης 8 & Πατησίων 107, 112 51
Τ: +30 210 8899600

MC Thessaloniki Campus Library
Ίωνος Δραγούμη 21, 54625 | Ίωνος Δραγούμη 15, 54625
Τ: +30 2310 287779 – Τ: +30 2314 440300